| 000 -CABECERA |
| Longitud fija campo de control |
00639nam a2200205 a 4500 |
| 001 - NÚMERO DE CONTROL |
| Número de control |
5106 |
| 003 - IDENTIFICADOR DEL NÚMERO DE CONTROL |
| Identificador del número de control |
CDMR |
| 005 - FECHA Y HORA DE LA ÚLTIMA TRANSACCIÓN |
| Fecha y hora de la última transacción |
20131031135657.0 |
| 008 - CÓDIGOS DE INFORMACIÓN DE LONGITUD FIJA |
| Códigos de información de longitud fija |
130130s1977||||||||||||||||||||||||||||d |
| 040 ## - FUENTE DE LA CATALOGACIÓN |
| Centro catalogador de origen |
CDMR |
| Lengua de catalogación |
cat |
| Centro transcriptor |
CDMR |
| 245 #4 - MENCIÓN DE TÍTULO |
| Título |
Las elecciones del cambio |
| Mención de responsabilidad, etc. |
Francisco González Ledesma... [et al.] |
| 260 ## - PUBLICACIÓN, DISTRIBUCIÓN, ETC. (PIE DE IMPRENTA) |
| Lugar de publicación, distribución, etc. |
Barcelona |
| Fecha de publicación, distribución, etc. |
1977 |
| Nombre del editor, distribuidor, etc. |
Plaza & Janés |
| 300 ## - DESCRIPCIÓN FÍSICA |
| Extensión |
443 p. |
| 650 04 - PUNTO DE ACCESO ADICIONAL DE MATERIA - TÉRMINO DE MATERIA |
| 9 (RLIN) |
3875 |
| Término de materia o nombre geográfico como elemento inicial |
Eleccions |
| Subdivisión geográfica |
Espanya |
| Subdivisión de materia general |
Cobertura periodística |
| 650 04 - PUNTO DE ACCESO ADICIONAL DE MATERIA - TÉRMINO DE MATERIA |
| 9 (RLIN) |
3703 |
| Término de materia o nombre geográfico como elemento inicial |
Espanya |
| Subdivisión de materia general |
Història |
| Subdivisión cronológica |
1975-1982, Transició |
| 650 04 - PUNTO DE ACCESO ADICIONAL DE MATERIA - TÉRMINO DE MATERIA |
| 9 (RLIN) |
3352 |
| Término de materia o nombre geográfico como elemento inicial |
Reportatges |
| 700 1# - PUNTO DE ACCESO ADICIONAL - NOMBRE DE PERSONA |
| 9 (RLIN) |
4249 |
| Nombre de persona |
González Ledesma, Francisco |
| 710 2# - PUNTO DE ACCESO ADICIONAL - NOMBRE DE ENTIDAD |
| 9 (RLIN) |
1150 |
| Nombre de entidad o nombre de jurisdicción como elemento inicial |
La Vanguardia (Diari) |
| 942 ## - ENTRADA DE ELEMENTOS AGREGADOS (KOHA) |
| Koha [por defecto] tipo de item |
Monografies |
| Fuente de clasificaión o esquema |
|